Growth of cassava varietykm 94 on sandy soil (ការលូតលាស់នៃពូជដំឡូងមីខេអឺម៩៤ក្នុងលក្ខខណ្ឌដីល្បាយខ្សាច់) (Record no. 1508)
[ view plain ]
| 000 -LEADER | |
|---|---|
| fixed length control field | 00577nam a22001577a 4500 |
| 003 - CONTROL NUMBER IDENTIFIER | |
| control field | OSt |
| 005 - DATE AND TIME OF LATEST TRANSACTION | |
| control field | 20150930105931.0 |
| 008 - FIXED-LENGTH DATA ELEMENTS--GENERAL INFORMATION | |
| fixed length control field | 150930b xxu||||| |||| 00| 0 eng d |
| 040 ## - CATALOGING SOURCE | |
| Transcribing agency | RUA |
| 082 ## - DEWEY DECIMAL CLASSIFICATION NUMBER | |
| Classification number | AGR HON 2011 B047 Or.1 |
| 100 ## - MAIN ENTRY--PERSONAL NAME | |
| 9 (RLIN) | 1597 |
| Personal name | HONG, SOPHAK. |
| 245 ## - TITLE STATEMENT | |
| Title | Growth of cassava varietykm 94 on sandy soil (ការលូតលាស់នៃពូជដំឡូងមីខេអឺម៩៤ក្នុងលក្ខខណ្ឌដីល្បាយខ្សាច់) |
| 260 ## - PUBLICATION, DISTRIBUTION, ETC. (IMPRINT) | |
| Place of publication, distribution, etc. | Phnom Penh |
| Name of publisher, distributor, etc. | RUA |
| Date of publication, distribution, etc. | 2011 |
| 300 ## - PHYSICAL DESCRIPTION | |
| Extent | vii, 35p. |
| Other physical details | ill. |
| Dimensions | 29cm. |
| 942 ## - ADDED ENTRY ELEMENTS (KOHA) | |
| Source of classification or shelving scheme | |
| Koha item type | AGR |
| Price effective from | Date last seen | Permanent Location | Not for loan | Date acquired | Source of classification or shelving scheme | Koha item type | Lost status | Withdrawn status | Date last checked out | Total Checkouts | Shelving location | Damaged status | Barcode | Current Location | Full call number |
|---|---|---|---|---|---|---|---|---|---|---|---|---|---|---|---|
| 2015-09-30 | 2015-09-30 | Library Block B | 2015-09-30 | AGR | B047 | RUA000948 | Library Block B | AGR HON 2011 B047 Or.1 | |||||||
| 2015-09-30 | 2015-09-30 | Library Block B | 2015-09-30 | AGR | B047 | RUA000474 | Library Block B | AGR HON 2011 B047 Or.2 | |||||||
| 2015-09-30 | 2015-09-30 | Library Block B | 2015-09-30 | AGR | B047 | RUA000392 | Library Block B | AGR HON 2011 B047 Or.3 | |||||||
| 2015-09-30 | 2024-07-05 | Library Block B | 2015-09-30 | AGR | 2024-06-21 | 2 | B047 | RUA000320 | Library Block B | AGR HON 2011 B047 Or.4 | |||||
| 2016-08-19 | 2016-08-19 | Library Block B | 2016-08-19 | AGR | RUA059983 | Library Block B | AGR HON 2011 B047 Or.5 |